Statistiken für Verpixelte Karte von Europa

Klicken Sie hier um das Quiz zu spielen!

Allgemein

  • Dieses Quiz wurde 3,211 mal gespielt
  • Das Durchschnittsergebnis liegt bei 270 aus 279

Antwortstatistiken

Land % Korrekt
Spanien
99%
Norwegen
99%
Schweden
99%
Deutschland
99%
Ukraine / Russland
99%
Italien
99%
Frankreich
99%
Island
98%
Finnland
98%
Polen
98%
Irland
98%
Russland
98%
Portugal
98%
Belgien
97%
Vereinigtes Königreich
97%
Dänemark
97%
Niederlande
97%
Schweiz
97%
Österreich
95%
Griechenland
95%
Estland
95%
Lettland
95%
Weißrussland
94%
Tschechien
94%
Litauen
94%
Ukraine
93%
Kroatien
92%
Ungarn
90%
Rumänien
89%
Slowenien
89%
Slowakei
88%
Serbien
88%
Bulgarien
87%
Bosnien und Herzegowina
85%
Moldawien
77%
Kosovo
77%
Montenegro
76%

Verteilung der Resultate

Perzentil nach korrekt beantworteten Fragen

Anzahl Personen mit jedem Resultat

Ihre Resultats-Entwicklung

Sie haben dieses Quiz noch nicht gespielt